<?xml version="1.0" encoding="UTF-8"?>
<record
    xmlns:xsi="http://www.w3.org/2001/XMLSchema-instance"
    xsi:schemaLocation="http://www.loc.gov/MARC21/slim http://www.loc.gov/standards/marcxml/schema/MARC21slim.xsd"
    xmlns="http://www.loc.gov/MARC21/slim">

  <leader>00354nam a2200145Ia 4500</leader>
  <controlfield tag="008">191201s2012    xx            000 0 und d</controlfield>
  <datafield tag="082" ind1=" " ind2=" ">
    <subfield code="a">621.3813</subfield>
    <subfield code="b">KUM</subfield>
  </datafield>
  <datafield tag="100" ind1=" " ind2=" ">
    <subfield code="a">KULKARMI, M</subfield>
  </datafield>
  <datafield tag="245" ind1=" " ind2="0">
    <subfield code="a">Microwave and Radar Engineering</subfield>
  </datafield>
  <datafield tag="250" ind1=" " ind2=" ">
    <subfield code="a">4th</subfield>
  </datafield>
  <datafield tag="260" ind1=" " ind2=" ">
    <subfield code="a">N.Delhi</subfield>
    <subfield code="b">Umesh Publications</subfield>
    <subfield code="c">2012</subfield>
  </datafield>
  <datafield tag="300" ind1=" " ind2=" ">
    <subfield code="a">677</subfield>
  </datafield>
  <datafield tag="650" ind1=" " ind2=" ">
    <subfield code="a">B.Tech(ECE)</subfield>
  </datafield>
  <datafield tag="942" ind1=" " ind2=" ">
    <subfield code="2">ddc</subfield>
    <subfield code="c">BK</subfield>
  </datafield>
  <datafield tag="999" ind1=" " ind2=" ">
    <subfield code="c">4703</subfield>
    <subfield code="d">4703</subfield>
  </datafield>
  <datafield tag="952" ind1=" " ind2=" ">
    <subfield code="0">0</subfield>
    <subfield code="1">0</subfield>
    <subfield code="2">ddc</subfield>
    <subfield code="4">0</subfield>
    <subfield code="7">0</subfield>
    <subfield code="8">BTECHECE</subfield>
    <subfield code="a">PIET</subfield>
    <subfield code="b">PIET</subfield>
    <subfield code="d">2010-11-11</subfield>
    <subfield code="e">The book company</subfield>
    <subfield code="g">350.00</subfield>
    <subfield code="k">5105</subfield>
    <subfield code="l">1</subfield>
    <subfield code="o">621.3813 KUM</subfield>
    <subfield code="p">16970</subfield>
    <subfield code="r">2020-07-15 00:00:00</subfield>
    <subfield code="s">2020-02-06</subfield>
    <subfield code="w">2010-11-09</subfield>
    <subfield code="y">BK</subfield>
  </datafield>
  <datafield tag="952" ind1=" " ind2=" ">
    <subfield code="0">0</subfield>
    <subfield code="1">0</subfield>
    <subfield code="2">ddc</subfield>
    <subfield code="4">0</subfield>
    <subfield code="7">0</subfield>
    <subfield code="8">BTECHECE</subfield>
    <subfield code="a">PIET</subfield>
    <subfield code="b">PIET</subfield>
    <subfield code="d">2010-11-11</subfield>
    <subfield code="e">The book company</subfield>
    <subfield code="g">350.00</subfield>
    <subfield code="k">5105</subfield>
    <subfield code="l">1</subfield>
    <subfield code="o">621.3813 KUM</subfield>
    <subfield code="p">16971</subfield>
    <subfield code="r">2021-11-16 00:00:00</subfield>
    <subfield code="s">2021-11-08</subfield>
    <subfield code="w">2010-11-09</subfield>
    <subfield code="y">BK</subfield>
  </datafield>
  <datafield tag="952" ind1=" " ind2=" ">
    <subfield code="0">0</subfield>
    <subfield code="1">0</subfield>
    <subfield code="2">ddc</subfield>
    <subfield code="4">0</subfield>
    <subfield code="7">0</subfield>
    <subfield code="8">BTECHECE</subfield>
    <subfield code="a">PIET</subfield>
    <subfield code="b">PIET</subfield>
    <subfield code="d">2010-11-11</subfield>
    <subfield code="e">The book company</subfield>
    <subfield code="g">350.00</subfield>
    <subfield code="k">5105</subfield>
    <subfield code="l">1</subfield>
    <subfield code="o">621.3813 KUM</subfield>
    <subfield code="p">16972</subfield>
    <subfield code="r">2021-12-27 00:00:00</subfield>
    <subfield code="s">2021-12-14</subfield>
    <subfield code="w">2010-11-09</subfield>
    <subfield code="y">BK</subfield>
  </datafield>
  <datafield tag="952" ind1=" " ind2=" ">
    <subfield code="0">0</subfield>
    <subfield code="1">0</subfield>
    <subfield code="2">ddc</subfield>
    <subfield code="4">0</subfield>
    <subfield code="7">0</subfield>
    <subfield code="8">BTECHECE</subfield>
    <subfield code="a">PIET</subfield>
    <subfield code="b">PIET</subfield>
    <subfield code="d">2010-11-11</subfield>
    <subfield code="e">The book company</subfield>
    <subfield code="g">350.00</subfield>
    <subfield code="k">5105</subfield>
    <subfield code="l">2</subfield>
    <subfield code="o">621.3813 KUM</subfield>
    <subfield code="p">16973</subfield>
    <subfield code="r">2022-08-04 00:00:00</subfield>
    <subfield code="s">2020-03-04</subfield>
    <subfield code="w">2010-11-09</subfield>
    <subfield code="y">BK</subfield>
  </datafield>
  <datafield tag="952" ind1=" " ind2=" ">
    <subfield code="0">0</subfield>
    <subfield code="1">0</subfield>
    <subfield code="2">ddc</subfield>
    <subfield code="4">0</subfield>
    <subfield code="7">0</subfield>
    <subfield code="8">BTECHECE</subfield>
    <subfield code="a">PIET</subfield>
    <subfield code="b">PIET</subfield>
    <subfield code="d">2010-11-11</subfield>
    <subfield code="e">The book company</subfield>
    <subfield code="g">350.00</subfield>
    <subfield code="k">5105</subfield>
    <subfield code="l">1</subfield>
    <subfield code="o">621.3813 KUM</subfield>
    <subfield code="p">16974</subfield>
    <subfield code="r">2020-10-09 00:00:00</subfield>
    <subfield code="s">2020-03-04</subfield>
    <subfield code="w">2010-11-09</subfield>
    <subfield code="y">BK</subfield>
  </datafield>
</record>
